| 000 | 01411nam a22003977a 4500 | ||
|---|---|---|---|
| 003 | CHAP | ||
| 005 | 20220329141210.0 | ||
| 008 | 971010s1985 r 00010 d | ||
| 010 | _a64226 | ||
| 011 | _a65198 | ||
| 035 | _a71506 | ||
| 040 | _cCHAP | ||
| 090 | _aTesis | ||
| 100 | 0 | 0 |
_aBarrientos Murrieta, Eloy. _910487 |
| 245 | _aPulpa de café digerida mezclada con suelo en combinación con la fertilización química en viveros de café (Coffea arabica L.) var. Caturra rojo | ||
| 260 |
_aChapingo, Méx. : _bEl autor, _c1985 |
||
| 300 | _a103 h. | ||
| 502 | _aTesis (Ing. Agr. Esp. en Suelos) -- ENA. Departamento de Suelos | ||
| 590 |
_aALEPH _b10 _c20130110 _lUCH01 _h1350 |
||
| 590 |
_aBATCH-UPD _b10 _c20130110 _lUCH01 _h0617 |
||
| 590 |
_aBATCH-UPD _b10 _c20130110 _lUCH01 _h2304 |
||
| 590 |
_aBATCH-UPD _b10 _c20130410 _lUCH01 _h0300 |
||
| 590 |
_aBATCH-UPD _b10 _c20130410 _lUCH01 _h1620 |
||
| 590 |
_aBATCH-UPD _b10 _c20130913 _lUCH01 _h1834 |
||
| 590 |
_aCONVERSION _b10 _c20130109 _lUCH01 _h1335 |
||
| 650 | 1 | 4 |
_aAbonos para café. _9275 |
| 650 | 1 | 4 |
_aCafé _xPropagación. _917190 |
| 650 | 1 | 4 |
_aCafé _xSubproductos. _917203 |
| 650 | 1 | 4 |
_aCafé _xVariedades. _917208 |
| 650 | 1 | 4 |
_aPulpa de café como abono. _992998 |
| 650 | 1 | 4 |
_aViveros cafetaleros. _9120098 |
| 901 | _aBK | ||
| 942 | _cTESIS | ||
| 949 |
_bBC _cTES _d-4133 _eTS1 _h18438 _i71506 _si |
||
| 949 |
_bS _cTES _d-46998 _eTS1 _h18438 _i71506 _si |
||
| 999 |
_c64226 _d64226 |
||